01501cam a22002653a 4500001000500000005001700005020001700022040003000039050000800069082000800077100002300085245008800108250003000196260003500226300003900261490002600300505000800326520074100334521002001075521002001095655003001115655002601145700003201171700003201203120920231124102618.0 a078073003990 aOCOcOCOdOCLCQdDLCbeng00aPZ7 a1581 aLanier, Bobd1948-10aOut of bounds /cby Bob Lanier and Heather Goodyear ; illustrated by Desire Grover. aFirst printing, June 2003 aNew York :bScholastic, c2003 a69 pages :billustrations ;c20 cm0 aHey L'il D! ;vBook 4 aR  aLittle Apple shoots and scores with these new early chapter books! Loosely based on NBA all-star Bob Lanier's childhood adventures, the series teaches valuable life lessons through amusing stories. Swish! L'il Dobber shoots and scores--he's a basketball star in training. In fact, the only thing L'il Dobber and his friends like more than shooting hoops at recess is... shooting hoops after school! They're always tossing that ball around in the neighborhood. It's a lot of fun - especially since they're friends with everyone on the block. Everyone, that is, except Mr. Palmer. Mr. Palmer lives next door to L'il D, and he's always causing trouble. It seems like he'd do anything to spoil their fun! Even take their basketball away...? a700 bLexile  aR bRaz-Plus  7aChildren's stories.2lcsh 7aSports stories.2lcsh1 aGoodyear, Heatherecoauthor1 aGrover, Desireeillustrator